Most expensive football transfers - Goalkeepers - 2021-2022 Season - Statistics

General Stats
  • This quiz has been taken 17 times
  • The average score is 6 of 10
Answer Stats
Fee (M €) Nationality Left Joined Player % Correct
28,00 England Sheff Utd Arsenal Aaron Ramsdale
100%
16,40 France LOSC Lille AC Milan Mike Maignan
80%
11,80 Portugal Wolverhampton AS Roma Rui Patrício
80%
15,00 Switzerland VfB Stuttgart Borussia Dortmund Gregor Kobel
73%
5,85 England / Scotland Southampton Norwich Angus Gunn
60%
8,00 Portugal Olympiacos Wolverhampton José Sá
53%
7,50 France Fiorentina FC Nantes Alban Lafont
40%
20,50 Argentina Udinese Calcio Atalanta BC Juan Musso
40%
6,20 Poland Liverpool U23 FC Copenhagen Kamil Grabara
27%
5,50 Portugal Sporting CP Granada FC Luís Maximiano
20%
No matching quizzes found
Score Distribution
Percent of People with Each Score
Percentile by Number Answered
Your Score History
You have not taken this quiz